| 000 | 00413nam a2200169 a 4500 | ||
|---|---|---|---|
| 001 | 2377 | ||
| 005 | 20140414131927.0 | ||
| 008 | 050531s19uu xx 00 eng d | ||
| 020 | _a983-9072-84-6 | ||
| 050 |
_aER _bBi38 1994 |
||
| 245 | _aBig pancake (The). | ||
| 260 |
_aUSA : _bLadybirds books ltd, _c1994. |
||
| 440 | _aKey words | ||
| 650 | _aFairy tales. | ||
| 650 | _aChildren stories. | ||
| 999 |
_c112083 _d112083 |
||